ANUARIO DE LA POESIA MEXICANA 1962 /

Na minha lista:
Detalhes bibliográficos
Outros Autores: Ahumada, Herminio (autor) (autor)
Formato: Livro
Assuntos:
Tags: Adicionar Tag
Sem tags, seja o primeiro a adicionar uma tag!

MARC

LEADER 00000nam^a2200000^a^4500
001 000233800
005 20250521000000.0
009 20260310104659.261
035 |a 056646 
037 |a Acervo Xavier Clavigero 
082 |a 861. 08  |b ANU 
245 1 0 |a ANUARIO DE LA POESIA MEXICANA 1962 /  |c HERMINIO AHUMADA ... [ET AL.] 
264 |a MEXICO :  |b Instituto Nacional de Bellas Artes,  |c 1963 
300 |a 137 p. 
336 |a texto  |b txt  |2 rdacontenido 
337 |a sin mediación  |b n  |2 rdamedio 
338 |a volumen  |b nc  |2 rdasoporte 
649 |a XX 
650 |a POESIA MEXICANA -  |x COLECCIONES 
650 |a POESIA MEXICANA -  |x SIGLO XX 
650 |a Literatura Mexicana -  |y Siglo XX 
700 |a Ahumada, Herminio  |e (autor) 
910 |a Fondo General 
920 |a Impresos - Libros 
930 |a Colección General 
940 |a Literatura 
905 |a 101 
901 |a 056646  |b IT1  |c LIT  |i 056646  |u 20250521 
902 |a https://opac.biblio.iteso.mx/vufind/Record/000233800